Представление документа в формате MARC21

Поле Инд. ПП Название Значение
Тип записи a
Библиографический уровень m
001 Контрольный номер 7067db4d173a4005999f12613438aab4
005 Дата корректировки 20260605112954.1
020 a ISBN 978-5-534-19756-3
097 b Оператор *Ж*
097 b Оператор *Мал*
100 1_ a Автор Калачев С.Л.
245 00 a Заглавие Теоретические основы товароведения
b Продолж. заглавия учебник для среднего профессионального образования
b Продолж. заглавия в составе учебно-методического комплекса
250 a Основные сведения об издании 4-е изд., перераб. и доп.
260 00 a Место издания Москва
b Издательство Юрайт
c Дата издания 2026
300 a Объем 442 с.
440 _0 a Серия Профессиональное образование
440 _0 a Серия УМК-У
516 8_ a Прим. о типе комп. файла/ данных Текст : электронный
a Прим. о типе комп. файла/ данных Режим доступа: по подписке
516 8_ a Прим. о типе комп. файла/ данных Дата обращения 22.01.2026
520 0_ a Аннотация Работа с этим курсом позволит студентам получить комплексные и достаточно полные знания в области теории товароведения, изучить терминологию, используемую в товароведении; усвоить основные понятия, принципы, объекты и методы товароведения; ознакомиться с классификацией и ассортиментом товаров; изучить основополагающие товароведные характеристики товаров и обеспечивающие их факторы; овладеть методами определения и оценки качества товаров; изучить основы товарной экспертизы, сформировать представления о товарной информации и др. Для повышения эффективности усвоения теории курс содержит вопросы по темам и оригинальные практические задания. Автор при написании курса старался придерживаться традиционных приемов изложения теории товароведения, сохранить основы классического отечественного товароведения и одновременно с этим представить инновационные взгляды, свое видение ряда вопросов. Соответствует актуальным требованиям Федерального государственного образовательного стандарта среднего профессионального образования и профессиональным требованиям. Для студентов средних специальных образовательных учреждений, обучающихся по экономическим направлениям.
535 1_ a Хранилище Образовательная платформа Юрайт
583 a Действие Приписка : УМК
653 0_ a Ключевые слова Товароведение
a Ключевые слова Свойства материалов
a Ключевые слова Ассортимент
a Ключевые слова Оценка качества
a Ключевые слова Товарная экспертиза
a Ключевые слова Конкурентоспособность товаров
655 a Жанр/ форма (устаревшее) У
773 18 w Контрольный № источника 30089670bb88478cbd9ada0122378322
856 40 u URL https://urait.ru/bcode/584591
901 t Тип документа m
905 b Дата создания записи обработка 05.03.26
c Дата приписки 05.06.26
952 b Гриф литературы для ВШ Гриф УМО
a Тип литературы для КСУ ВШ У1
952 e Факультет *ФУСК*
990 c Приоритет заказа (DOS) *о*
f Даты поступлений (DOS) 24.02.26
g Размещение заказа (DOS) Образовательная платформа Юрайт
j Количество экземпляров (DOS) 1